Les Françoise célèbres - Statistiques

Statistiques générales
  • Ce quiz a été pris 157 fois
  • Le résultat moyen est 5 sur 14
Statistiques - réponses
Indice 1 Indice 2 Nom % Correct
1944 chanteuse - épouse de Jacques Dutronc Hardy
92%
1935-2004 femme de lettres française -"bonjour tristesse" Sagan
85%
1908-1988 pédiatre et psychanalyste - mère du chanteur Carlos Dolto
81%
1942-1967 actrice française soeur de Catherine Deneuve Dorleac
67%
1916-2003 journaliste, écrivain et femme politique française Giroud
38%
1933 actrice française - série tv "dix pour cent" Fabian
33%
1945 femme de lettres française - "l'allée du roi" Chandernagor
28%
1953 écrivain et présentatrice de télévision française Laborde
17%
1942 joueuse de tennis française Durr
13%
1930-2016 femme de lettres belge et française (2 noms) Mallet Joris
12%
1928 comédienne française Dorin
6%
1948 femme politique française De Panafieu
5%
1891-1974 actrice française Rosay
5%
1928-2008 actrice française Seigner
2%
Aucun quiz correspondant
Distribution des résultats
% des personnes avec chaque résultat
Percentile par nombre de réponses
Votre historique - résultats
Vous n’avez pas pris ce quiz